Statistics for Pop-Up General Knowledge Quiz #2

Click here to take the quiz!

General Stats

  • This quiz has been taken 177 times
  • The average score is 7 of 22

Answer Stats

Clue Answer % Correct
This is equal to 1,000 gramsStar
100%
Old McDonald had a farm...Kilogram
80%
What is the closest country to Japan?EIEIO!
73%
Lionel Messi's sport of choiceRussia
57%
Complete the trio: Zeus, Hades, ?Football
57%
(Use PEMDAS) 6 + 5 x 2 - 3 =Poseidon
41%
A four-leaf one brings good luck?13
40%
Common way to say hello in FrenchClover
40%
Famous for their Model-TBonjour
38%
YouTube video w/ over 2 billion hitsFord
35%
Minnie, Donald, PlutoUranium
23%
Element beginning with 'UR'Gangnam Style
23%
The Mile High CitypH
21%
US President before ObamaDenver
15%
The early bird gets the ____George Bush
15%
Famous film featuring Summer Nightsworm.
15%
What keeps the doctor awayMM Clubhouse
14%
The two clocks: digital & ...Apple
13%
Bishkek's countryanalog
13%
Who was the first man on the moon?Kyrgyzstan
11%
Scale, with basic and acidicNeil Armstrong
10%
Grease
9%

Score Distribution

Percentile by Number Answered

Percent of People with Each Score

Your Score History

You have not taken this quiz